000 00950cam a2200349 4500500
005 20260405000933.0
041 _afre
042 _adc
100 1 0 _aLacroix, Alexandre
_eauthor
245 0 0 _aMichela Marzano : “ Le conformisme encourage la chirurgie esthétique ”
260 _c2010.
500 _a79
690 _aArtificiel
690 _aBeauté
690 _aChirurgie
690 _aConformisme
690 _aCorps
690 _aEgo
690 _aEsthétique
690 _aFaux-Semblant
690 _aIdéal
690 _aIdeal-Type
690 _aImage
690 _aMédecine
690 _aMichela Marzano
690 _aNarcissisme
690 _aNorme
690 _aOrganisme
690 _aPsychologie
786 0 _nPhilosophie magazine | 40 | 6 | 2010-06-01 | p. 12-12 | 1951-1787
856 4 1 _uhttps://shs.cairn.info/magazine-philosophie-magazine-2010-6-page-12?lang=fr&redirect-ssocas=7080
999 _c2042351
_d2042351